Abrasion pattern on rubber (Record no. 53711)

MARC details
000 -LEADER
fixed length control field 00288nam a2200121Ia 4500
100 ## - MAIN ENTRY--AUTHOR NAME
Personal name Schallamach A
245 #0 - TITLE STATEMENT
Title Abrasion pattern on rubber
260 ## - PUBLICATION, DISTRIBUTION, ETC. (IMPRINT)
Name of publisher IRI Transactions
Year of publication 1952
300 ## - PHYSICAL DESCRIPTION
Number of Pages 256-268
650 ## - SUBJECT ADDED ENTRY--TOPICAL TERM
Topical Term Abrasion
942 ## - ADDED ENTRY ELEMENTS (KOHA)
Koha item type Journals
Holdings
Withdrawn status Lost status Damaged status Not for loan Home library Current library Shelving location Date acquired Serial Enumeration / chronology Koha item type
      Journals RRII Library RRII Library Rubber chemistry 17/12/2021 Volume 28, Issue 5 Journals